Traición a Occidente /

Guardado en:
Detalles Bibliográficos
Autor principal: Romanescu, Traian (autor)
Formato: Libro
Idioma:Español
Publicado: México : editorial no identificada, 1961, c1961
Temas:
Etiquetas: Agrega una etiqueta
Sin etiquetas, Sé el primero en etiquetar este registro!

MARC

LEADER 00000nam^a2200000^a^4500
001 000187628
005 20250521000000.0
009 20260310102310.378
037 |a Acervo ITESO - Biblioteca 
041 |a ESP 
082 |a 306. 696  |b ROM 
100 |a Romanescu, Traian  |e (autor) 
245 1 0 |a Traición a Occidente /  |c T. Romanescu. 
264 4 |a México :  |b editorial no identificada,  |c 1961, c1961 
300 |a 284 p. 
336 |a texto  |b txt  |2 rdacontenido 
337 |a sin mediación  |b n  |2 rdamedio 
338 |a volumen  |b nc  |2 rdasoporte 
649 |a XX 
650 |a Judíos 
650 |a Masones 
650 |a Judaísmo 
650 |a Antisemitismo -  |x Tema Principal 
650 |a Anticomunismo 
650 |a Comunismo 
650 |a Política y Religión 
650 |a Política Internacional 
650 |a Sociología de la Religión 
650 |a Sociología Política 
910 |a Fondo General 
920 |a Impresos - Libros 
930 |a Colección General 
905 |a 101 
901 |a 0500130012  |b IT1  |c ACC  |u 20250521 
902 |a https://opac.biblio.iteso.mx/vufind/Record/000187628